000 00488nam a2200193 a 4500
001 1766296075710
003 YourLibrary
005 20251221111916.0
008 251221s2006##################000#0#eng##
020 _a9780879697532
082 0 4 _a616.86
_bMAD
100 1 _aMadras, Bertha,
_eauthor.
245 1 0 _aCell Biology of Addiction :
260 _bCSHL Press,
_c2006.
300 _a478 pages
650 0 _aMedical.
942 _cENGLISH
040 _aYourLibrary
_beng
_cYourLibrary
999 _c603339
_d603339